00378nam a2200121Ia 4500008004100000245011500041260001800156260000900174300000800183500001400191650001300205856003800218170516s9999 xx 000 0 und d aApplication and Characterization of Gum from Bombax buonopozense Calyxes as an Excipient in Tablet Formulation bPharmaceutics c2012 a4:3 aSeptember xPharmacy uhttp://www.mdpi.com/1999-4923/4/3